000 00283nam a2200121Ia 4500
008 190216s9999||||xx |||||||||||||| ||und||
100 _aBhat B R
245 0 _aModern Probability Theory
260 _bWiley Eastern Ltd
_c1981
300 _a270p
650 _aMathematics
942 _cBK
999 _c30904
_d30904